MARC details
| 000 -LEADER |
| fixed length control field |
03247cam a2200565Ia 4500 |
| 001 - CONTROL NUMBER |
| control field |
50499432 |
| 003 - CONTROL NUMBER IDENTIFIER |
| control field |
OCoLC |
| 005 - DATE AND TIME OF LATEST TRANSACTION |
| control field |
20251205003943.0 |
| 008 - FIXED-LENGTH DATA ELEMENTS--GENERAL INFORMATION |
| fixed length control field |
020828s2002 nyua j 000 0 eng d |
| 020 ## - INTERNATIONAL STANDARD BOOK NUMBER |
| International Standard Book Number |
0439376084 |
| 020 ## - INTERNATIONAL STANDARD BOOK NUMBER |
| International Standard Book Number |
9780439376082 |
| 020 ## - INTERNATIONAL STANDARD BOOK NUMBER |
| International Standard Book Number |
0439267617 |
| Qualifying information |
(paperback) |
| 020 ## - INTERNATIONAL STANDARD BOOK NUMBER |
| International Standard Book Number |
9780439267618 |
| Qualifying information |
(paperback) |
| 035 ## - SYSTEM CONTROL NUMBER |
| System control number |
(OCoLC)50499432 |
| 040 ## - CATALOGING SOURCE |
| Original cataloging agency |
SAP |
| Language of cataloging |
eng |
| Transcribing agency |
SAP |
| Modifying agency |
OCLCQ |
| -- |
MUS |
| -- |
BAKER |
| -- |
BTCTA |
| -- |
NZWPM |
| -- |
LVB |
| -- |
YDXCP |
| -- |
OCLCG |
| -- |
KZV |
| -- |
BDX |
| -- |
QS8 |
| -- |
OCLCO |
| -- |
OCLCA |
| -- |
OCLCQ |
| -- |
OCLCO |
| -- |
AU@ |
| -- |
OCLCF |
| -- |
OCLCQ |
| -- |
MQ9 |
| -- |
OCLCO |
| -- |
NZAUC |
| -- |
MTB |
| -- |
OCLCO |
| 050 #4 - LIBRARY OF CONGRESS CALL NUMBER |
| Classification number |
PN6166 |
| Item number |
.P56 2002 |
| 082 04 - DEWEY DECIMAL CLASSIFICATION NUMBER |
| Classification number |
790.1 |
| Item number |
PILKEY |
| 100 1# - MAIN ENTRY--PERSONAL NAME |
| Personal name |
Pilkey, Dav, |
| Dates associated with a name |
1966- |
| Authority record control number |
https://id.loc.gov/authorities/names/n86066278. |
| 245 14 - TITLE STATEMENT |
| Title |
The all new Captain Underpants extra-crunchy book o' fun 2 / |
| Statement of responsibility, etc. |
by Dav Pilkey. |
| 246 3# - VARYING FORM OF TITLE |
| Title proper/short title |
All new Captain Underpants extra-crunchy book of fun two. |
| 246 30 - VARYING FORM OF TITLE |
| Title proper/short title |
Captain Underpants extra-crunchy book o' fun 2. |
| 246 3# - VARYING FORM OF TITLE |
| Title proper/short title |
Captain Underpants extra-crunchy book of fun two. |
| 264 #1 - PRODUCTION, PUBLICATION, DISTRIBUTION, MANUFACTURE, AND COPYRIGHT NOTICE |
| Place of production, publication, distribution, manufacture |
New York : |
| Name of producer, publisher, distributor, manufacturer |
Blue Sky Press, |
| Date of production, publication, distribution, manufacture, or copyright notice |
2002. |
| 300 ## - PHYSICAL DESCRIPTION |
| Extent |
95 pages : |
| Other physical details |
illustrations ; |
| Dimensions |
20 cm. |
| 336 ## - CONTENT TYPE |
| Content type term |
text |
| Content type code |
txt |
| Source |
rdacontent. |
| 337 ## - MEDIA TYPE |
| Media type term |
unmediated |
| Media type code |
n |
| Source |
rdamedia. |
| 338 ## - CARRIER TYPE |
| Carrier type term |
volume |
| Carrier type code |
nc |
| Source |
rdacarrier. |
| 385 ## - AUDIENCE CHARACTERISTICS |
| Demographic group code |
age |
| Audience term |
Children |
| Source |
lcdgt. |
| 520 ## - SUMMARY, ETC. |
| Summary, etc. |
Learn how to draw your favorite characters, tell cheesy jokes, and even make your own silly Captain Underpants story. Also includes a new comic-book adventure starring Captain Underpants, Super Diaper Baby, and the amazing Diaper Dog. |
| 521 0# - TARGET AUDIENCE NOTE |
| Target audience note |
"RL 3"--Page 4 of cover. |
| 521 1# - TARGET AUDIENCE NOTE |
| Target audience note |
"Ages 7-10"--Page 4 of cover. |
| 600 10 - SUBJECT ADDED ENTRY--PERSONAL NAME |
| Personal name |
Pilkey, Dav, |
| Dates associated with a name |
1966- |
| Authority record control number |
https://id.loc.gov/authorities/names/n86066278 |
| General subdivision |
Characters |
| Authority record control number |
https://id.loc.gov/authorities/subjects/sh99004962 |
| General subdivision |
Captain Underpants |
| Form subdivision |
Juvenile literature. |
| 600 00 - SUBJECT ADDED ENTRY--PERSONAL NAME |
| Personal name |
Captain Underpants |
| Titles and other words associated with a name |
(Fictitious character) |
| Authority record control number |
https://id.loc.gov/authorities/names/no2020081761. |
| 650 #0 - SUBJECT ADDED ENTRY--TOPICAL TERM |
| Topical term or geographic name as entry element |
Wit and humor, Juvenile. |
| Authority record control number |
https://id.loc.gov/authorities/subjects/sh85147133. |
| 650 #0 - SUBJECT ADDED ENTRY--TOPICAL TERM |
| Topical term or geographic name as entry element |
Games |
| Form subdivision |
Juvenile literature. |
| Authority record control number |
https://id.loc.gov/authorities/subjects/sh2008105037. |
| 650 #0 - SUBJECT ADDED ENTRY--TOPICAL TERM |
| Topical term or geographic name as entry element |
Puzzles |
| Authority record control number |
https://id.loc.gov/authorities/subjects/sh85109260 |
| Form subdivision |
Juvenile literature. |
| Authority record control number |
https://id.loc.gov/authorities/subjects/sh99001674. |
| 650 #0 - SUBJECT ADDED ENTRY--TOPICAL TERM |
| Topical term or geographic name as entry element |
Amusements |
| Form subdivision |
Juvenile literature. |
| Authority record control number |
https://id.loc.gov/authorities/subjects/sh2007101099. |
| 650 #0 - SUBJECT ADDED ENTRY--TOPICAL TERM |
| Topical term or geographic name as entry element |
Creative activities and seat work. |
| Authority record control number |
https://id.loc.gov/authorities/subjects/sh85033843. |
| 650 #0 - SUBJECT ADDED ENTRY--TOPICAL TERM |
| Topical term or geographic name as entry element |
Games. |
| Authority record control number |
https://id.loc.gov/authorities/subjects/sh85052948. |
| 650 #0 - SUBJECT ADDED ENTRY--TOPICAL TERM |
| Topical term or geographic name as entry element |
Schools |
| Form subdivision |
Fiction. |
| Authority record control number |
https://id.loc.gov/authorities/subjects/sh2008111268. |
| 650 #0 - SUBJECT ADDED ENTRY--TOPICAL TERM |
| Topical term or geographic name as entry element |
Heroes |
| Form subdivision |
Fiction. |
| Authority record control number |
https://id.loc.gov/authorities/subjects/sh2008105587. |
| 650 #1 - SUBJECT ADDED ENTRY--TOPICAL TERM |
| Topical term or geographic name as entry element |
Wit and humor. |
| Authority record control number |
https://id.loc.gov/authorities/childrensSubjects/sj96006382. |
| 650 #1 - SUBJECT ADDED ENTRY--TOPICAL TERM |
| Topical term or geographic name as entry element |
Jokes. |
| Authority record control number |
https://id.loc.gov/authorities/childrensSubjects/sj96005794. |
| 655 #7 - INDEX TERM--GENRE/FORM |
| Genre/form data or focus term |
Puzzles and games. |
| Source of term |
lcgft |
| Authority record control number |
https://id.loc.gov/authorities/genreForms/gf2014026158. |
| 655 #7 - INDEX TERM--GENRE/FORM |
| Genre/form data or focus term |
Juvenile works. |
| Source of term |
fast |
| Authority record control number |
(OCoLC)fst01411637. |
| 655 #7 - INDEX TERM--GENRE/FORM |
| Genre/form data or focus term |
Humorous fiction. |
| Source of term |
lcgft |
| Authority record control number |
https://id.loc.gov/authorities/genreForms/gf2014026377. |
| 655 #7 - INDEX TERM--GENRE/FORM |
| Genre/form data or focus term |
Literature. |
| Source of term |
lcgft |
| Authority record control number |
https://id.loc.gov/authorities/genreForms/gf2014026415. |
| 907 ## - LOCAL DATA ELEMENT G, LDG (RLIN) |
| a |
.b157245007 |
| 942 ## - ADDED ENTRY ELEMENTS (KOHA) |
| Koha item type |
Libro/Book |